Маркетинговые исследования товаров и услуг: учебное пособие

Dettagli Bibliografici
Autore principale: Магомедов Ш. Ш. Шахрутдин Шарабутдинович
Riassunto:В учебном пособии произведена систематизация предмета, метода и содержания дисциплины "Маркетинговые исследования товаров и услуг". В книге подробно рассмотрены методология, объекты дисциплины, конкретные практические примеры использования маркетинговых исследований товаров (услуг), анализ понятий "потребительская ценность" и "конкурентоспособность товаров". Для студентов, обучающихся по специальностям "Маркетинг", "Товароведение и экспертиза товаров" и другим специальностям, где изучается данная дисциплина, а также для аспирантов, преподавателей, научных и практических работников.
Lingua:russo
Pubblicazione: Москва, Дашков и К, 2007
Soggetti:
Natura: MixedMaterials Libro
KOHA link:https://koha.lib.tpu.ru/cgi-bin/koha/opac-detail.pl?biblionumber=120500

MARC

LEADER 00000nam0a2200000 4500
001 120500
005 20231031125033.0
010 |a 5911312344 
035 |a (RuTPU)RU\TPU\book\130482 
090 |a 120500 
100 |a 20070830d2007 m y0rusy50 ca 
101 0 |a rus 
102 |a RU 
105 |a a j 001zy 
200 1 |a Маркетинговые исследования товаров и услуг  |e учебное пособие  |f Ш. Ш. Магомедов 
210 |a Москва  |c Дашков и К  |d 2007 
215 |a 296 с.  |c ил. 
320 |a Литература: с. 291-293. 
330 |a В учебном пособии произведена систематизация предмета, метода и содержания дисциплины "Маркетинговые исследования товаров и услуг". В книге подробно рассмотрены методология, объекты дисциплины, конкретные практические примеры использования маркетинговых исследований товаров (услуг), анализ понятий "потребительская ценность" и "конкурентоспособность товаров". Для студентов, обучающихся по специальностям "Маркетинг", "Товароведение и экспертиза товаров" и другим специальностям, где изучается данная дисциплина, а также для аспирантов, преподавателей, научных и практических работников. 
610 1 |a экономика 
610 1 |a маркетинг 
610 1 |a товары 
610 1 |a услуги 
610 1 |a маркетинговые исследования 
610 1 |a методология 
610 1 |a данные 
610 1 |a сбор 
610 1 |a анализ 
610 1 |a прогнозирование 
610 1 |a покупатели 
610 1 |a потребности 
610 1 |a ассортимент 
610 1 |a конкурентоспособность 
610 1 |a учебные пособия 
686 |a У9(2)212.4я73  |v LBC/SL-A  |2 rubbk 
700 1 |a Магомедов  |b Ш. Ш.  |g Шахрутдин Шарабутдинович 
801 1 |a RU  |b 63413507  |c 20070830  |g PSBO 
801 2 |a RU  |b 63413507  |c 20150519  |g PSBO 
900 |a Маркетинг в социально-культурном сервисе и туризме 
942 |c BK 
959 |a 51/20070829  |d 1  |e 154,00  |f ЧЗГЛ:1 
959 |a 70/20071010  |d 1  |e 154,00  |f АНЛ:1